Loading...
| Fine Arts - Classical Music | 5 | 10.00 | 80% | 20% | 0% |
| Fine Arts - Other Fine Arts | 4 | 10.00 | 100% | 0% | 0% |
| Fine Arts - Visual Fine Arts | 3 | 16.67 | 100% | 67% | 0% |
| Geography/Current Events | 2 | 20.00 | 100% | 100% | 0% |
| History - American History | 3 | 16.67 | 100% | 33% | 33% |
| History - European History | 3 | 13.33 | 100% | 33% | 0% |
| History - Other History | 3 | 13.33 | 100% | 33% | 0% |
| History - World History | 7 | 17.14 | 100% | 71% | 0% |
| Literature - American Literature | 6 | 11.67 | 100% | 17% | 0% |
| Literature - British Literature | 5 | 18.00 | 100% | 60% | 20% |
| Literature - European Literature | 5 | 12.00 | 100% | 20% | 0% |
| Literature - World/Other Literature | 5 | 16.00 | 100% | 60% | 0% |
| Mythology | 5 | 22.00 | 100% | 100% | 20% |
| Other Academic | 3 | 20.00 | 100% | 67% | 33% |
| Philosophy | 4 | 12.50 | 100% | 25% | 0% |
| Pop Culture | 1 | 30.00 | 100% | 100% | 100% |
| Religion | 3 | 20.00 | 100% | 67% | 33% |
| Science - Biology | 2 | 20.00 | 100% | 100% | 0% |
| Science - Chemistry | 6 | 11.67 | 83% | 33% | 0% |
| Science - Other Science | 6 | 18.33 | 100% | 83% | 0% |
| Science - Physics | 6 | 11.67 | 100% | 17% | 0% |
| Social Science | 5 | 12.00 | 100% | 20% | 0% |
| World/Other Literature> | 1 | 10.00 | 100% | 0% | 0% |